000 00734nam a2200193 a 4500
003 0
005 20250505144830.0
008 050808s19uu xx 00 eng d
050 _aPHS HV 887.P6
_b.P37 2005
100 _aParadero, Ruth Danielle C.
245 _aA Study on the hopes and aspirations of street children in BF Homes, Parañaque City /
_cRuth Danielle C. Paradero.
260 _aLas Piñas City, Philippines :
_bSouthville International School and Colleges,
_c2005.
300 _a35 pages :
_billustrations ;
_c28 cm.
504 _aIncludes bibliographical references.
650 _aStreet children
_zPhilippines
_zParañaque City.
650 _aAspirations of youth
_zPhilippines.
942 _2lcc
_cPASS
999 _c97280
_d97280